MyGZULibrary

Data, models, and statistical analysis / (Record no. 2003)

MARC details
000 -LEADER
fixed length control field 00871pam a2200289 a 4500
001 - CONTROL NUMBER
control field 3752083
003 - CONTROL NUMBER IDENTIFIER
control field GZU
005 - DATE AND TIME OF LATEST TRANSACTION
control field 20201026144757.0
008 - FIXED-LENGTH DATA ELEMENTS--GENERAL INFORMATION
fixed length control field 830105s1983 njua b 001 0 eng
010 ## - LIBRARY OF CONGRESS CONTROL NUMBER
LC control number 82025110
020 ## - INTERNATIONAL STANDARD BOOK NUMBER
International Standard Book Number 0389203823
020 ## - INTERNATIONAL STANDARD BOOK NUMBER
International Standard Book Number 0389203831 (pbk.)
040 ## - CATALOGING SOURCE
Original cataloging agency DLC
Transcribing agency DLC
Modifying agency DLC
050 00 - LIBRARY OF CONGRESS CALL NUMBER
Classification number HA29
Item number .COO 1983
082 00 - DEWEY DECIMAL CLASSIFICATION NUMBER
Classification number 519.5
Edition number 19
100 1# - MAIN ENTRY--PERSONAL NAME
Personal name Cooper, R. A.
Fuller form of name (Ron A.)
245 10 - TITLE STATEMENT
Title Data, models, and statistical analysis /
Statement of responsibility, etc. R.A. Cooper & A.J. Weekes.
260 ## - PUBLICATION, DISTRIBUTION, ETC.
Place of publication, distribution, etc. Totowa, N.J. :
Name of publisher, distributor, etc. Barnes & Noble Books,
Date of publication, distribution, etc. 1983.
300 ## - PHYSICAL DESCRIPTION
Extent xv, 400 p. :
Other physical details ill. ;
Dimensions 24 cm.
500 ## - GENERAL NOTE
General note Includes index.
504 ## - BIBLIOGRAPHY, ETC. NOTE
Bibliography, etc. note Bibliography: p. 391-394.
650 #0 - SUBJECT ADDED ENTRY--TOPICAL TERM
Topical term or geographic name entry element Social sciences
General subdivision Statistical methods.
650 #0 - SUBJECT ADDED ENTRY--TOPICAL TERM
Topical term or geographic name entry element Statistics.
700 1# - ADDED ENTRY--PERSONAL NAME
Personal name Weekes, A. J.
Fuller form of name (Tony J.)
906 ## - LOCAL DATA ELEMENT F, LDF (RLIN)
a 7
b cbc
c orignew
d 1
e ocip
f 19
g y-gencatlg
942 ## - ADDED ENTRY ELEMENTS (KOHA)
Source of classification or shelving scheme Library of Congress Classification
Koha item type Books
Classification part 29
Item part COO
Call number prefix HA
Holdings
Withdrawn status Lost status Damaged status Not for loan Collection code Home library Current library Shelving location Date acquired Total Checkouts Full call number Barcode Date last seen Copy number Price effective from Koha item type
        Non-fiction City Campus Library City Campus Library General Stacks 10/26/2020   HA 29 COO 1983 B017560 10/26/2020 c.1 10/26/2020 Books